UM Logo
Normal view MARC view
  • Kang, Juhee.

Entry Personal Name

Number of records used in: 1

001 - CONTROL NUMBER

  • control field: 57004

003 - CONTROL NUMBER IDENTIFIER

  • control field: OSt

005 - DATE AND TIME OF LATEST TRANSACTION

  • control field: 20240509184558.0

008 - FIXED-LENGTH DATA ELEMENTS

  • fixed length control field: 240509|| aca||aabn | a|a d

040 ## - CATALOGING SOURCE

  • Original cataloging agency: OSt
  • Transcribing agency: OSt

100 ## - HEADING--PERSONAL NAME

  • Personal name: Kang, Juhee.
  • Relator term: author.

670 ## - SOURCE DATA FOUND

  • Source citation: Work cat.: (OSt): Salehi-Esfahani, Saba. author. 57003, Why do you use Yelp? Analysis of factors influencing customers' website adoption and dining behavior/, 2019.